| 000 | 00600nam a2200169 a 4500 | ||
|---|---|---|---|
| 001 | 000030146 | ||
| 005 | 20200930060100.0 | ||
| 008 | 110503s2002 dr ac 000 0 spa d | ||
| 040 |
_aDO-SdBNP _bspa _cBNPHU |
||
| 082 |
_axxxx _bM533 |
||
| 110 | 1 |
_aCentro para el Desarrollo Agropecuario y Forestal, Inc. _956857 |
|
| 245 | 1 | 0 |
_aMemoria anual CEDAF 2000 / _cpresentación José Miguel Bonetti. |
| 260 |
_aSanto Domingo : _bCEDAF, _c2002. |
||
| 300 |
_a50 p. : _bil., retrs. ; _c28 cm. |
||
| 710 | 1 |
_aCentro para el desarrollo agropecuario y forestal, Inc. _956858 |
|
| 700 | 1 |
_aBonatti, José Miguel _956859 |
|
| 999 |
_c29638 _d29638 |
||